LDR 00576naa#a2200193#i#450# 001 EN\\bibl\121193 005 20260513074833.3 011 ## _a2409-1073 100 ## _a20141121b2014####ek#y0engy0150####ca 101 0# _aRUS 102 ## _aRU 200 1# _aEfficiency Evaluation of Investments in Staff Development _eJournal article 210 1# _aMoscow _cNational Research University of Electronic Technology _d2014 215 ## _a8 с. 608 ## _aJournal article _2local 675 ## _a. [001.8:658] (470+571) _zRUS 700 #1 _aLukicheva _gL I 700 #1 _aGolovanov _gS V 856 4# _aesgi-journal.ru _u